[Event "CZE-chT2D 1920"]
[Site "Czech Republic"]
[Date "2020.01.26"]
[Round "7.3"]
[White "Hosek, Milan"]
[Black "Fisar, Josef"]
[Result "1/2-1/2"]
[WhiteElo "2203"]
[BlackElo "2063"]
[PlyCount "75"]
[EventDate "2019.10.13"]
[EventType "team-tourn"]
[EventRounds "11"]
[EventCountry "CZE"]
[SourceTitle "EXT 2024"]
[Source "ChessBase"]
[SourceDate "2023.10.10"]
[SourceVersion "1"]
[SourceVersionDate "2023.10.10"]
[SourceQuality "1"]
[WhiteTeam "Polabiny III"]
[BlackTeam "Zdar nad Sazavou"]
[WhiteTeamCountry "CZE"]
[BlackTeamCountry "CZE"]

1. d4 d6 2. e4 g6 3. Nc3 Bg7 4. Nf3 a6 5. a4 Nf6 6. h3 c5 7. d5 0-0 8. Bc4 Nbd7 9. 0-0 Nh5 10. g4 Nhf6 11. Re1 Ne5 12. Nxe5 dxe5 13. Be3 b6 14. Qd2 Ne8 15. Bf1 Nd6 16. a5 Bd7 17. f3 f5 18. gxf5 gxf5 19. Reb1 fxe4 20. fxe4 b5 21. Bxc5 Qc8 22. Qe3 Rf6 23. b4 Bh6 24. Qd3 Qf8 25. Bg2 Rg6 26. Kh1 Kh8 27. Rg1 Qg7 28. Ne2 Rf8 29. Raf1 Rxf1 30. Bxf1 Rxg1+ 31. Bxg1 Qf8 32. Bg2 Qc8 33. Bh2 Bg7 34. c3 Bf6 35. Bg3 Bxh3 36. Bf2 Bxg2+ 37. Kxg2 Qg4+ 38. Ng3 1/2-1/2

[Event "CZE-chT2D 1920"]
[Site "Czech Republic"]
[Date "2020.01.12"]
[Round "6.4"]
[White "Hosek, Milan"]
[Black "Prymula, Roman"]
[Result "1/2-1/2"]
[WhiteElo "2203"]
[BlackElo "2171"]
[PlyCount "26"]
[EventDate "2019.10.13"]
[EventType "team-tourn"]
[EventRounds "11"]
[EventCountry "CZE"]
[SourceTitle "EXT 2024"]
[Source "ChessBase"]
[SourceDate "2023.10.10"]
[SourceVersion "1"]
[SourceVersionDate "2023.10.10"]
[SourceQuality "1"]
[WhiteTeam "Polabiny III"]
[BlackTeam "Hradec Kralove Slavia"]
[WhiteTeamCountry "CZE"]
[BlackTeamCountry "CZE"]

1. Nf3 d5 2. d4 c6 3. c4 e6 4. Nbd2 f5 5. g3 Nf6 6. Bg2 Bd6 7. 0-0 0-0 8. Qc2 Bd7 9. b3 Be8 10. Bb2 Bh5 11. e3 Ne4 12. Ne5 Nxd2 13. Qxd2 Nd7 1/2-1/2

[Event "CZE-chT2D 1718"]
[Site "Czech Republic"]
[Date "2018.01.14"]
[Round "6.6"]
[White "Hosek, Milan"]
[Black "Ptacek, Lubos"]
[Result "1/2-1/2"]
[WhiteElo "2207"]
[BlackElo "2068"]
[PlyCount "33"]
[EventDate "2017.10.15"]
[EventType "team-tourn"]
[EventRounds "11"]
[EventCountry "CZE"]
[SourceTitle "EXT 2022"]
[Source "ChessBase"]
[SourceDate "2021.10.06"]
[SourceVersion "1"]
[SourceVersionDate "2021.10.06"]
[SourceQuality "1"]
[WhiteTeam "Polabiny III"]
[BlackTeam "Vysoke Myto"]
[WhiteTeamCountry "CZE"]
[BlackTeamCountry "CZE"]

1. e4 e5 2. Nf3 Nc6 3. d4 exd4 4. Nxd4 Nf6 5. Nc3 Be7 6. Nxc6 dxc6 7. Qxd8+ Bxd8 8. Bf4 Be6 9. Be2 0-0 10. a4 Rc8 11. 0-0-0 Be7 12. Be5 Nd7 13. Bd4 Bg5+ 14. Kb1 c5 15. Be3 Bxe3 16. fxe3 Rfe8 17. Rd2 1/2-1/2

[Event "CZE-chT1W 1617"]
[Site "Czech Republic"]
[Date "2016.12.04"]
[Round "4.4"]
[White "Hosek, Milan"]
[Black "Petr, Jan"]
[Result "1/2-1/2"]
[WhiteElo "2246"]
[BlackElo "2183"]
[PlyCount "69"]
[EventDate "2016.10.16"]
[EventType "team-tourn"]
[EventRounds "11"]
[EventCountry "CZE"]
[SourceTitle "CBM 177 Extra"]
[Source "ChessBase"]
[SourceDate "2017.04.27"]
[SourceVersion "1"]
[SourceVersionDate "2017.04.27"]
[SourceQuality "1"]
[WhiteTeam "Polabiny"]
[BlackTeam "Pankrac"]
[WhiteTeamCountry "CZE"]
[BlackTeamCountry "CZE"]

1. e4 e5 2. Nf3 Nf6 3. Nc3 Nc6 4. d4 exd4 5. Nxd4 Bb4 6. Nxc6 bxc6 7. Bd3 d5 8. exd5 0-0 9. 0-0 cxd5 10. Bg5 c6 11. Qf3 Bd6 12. Rfe1 Rb8 13. Rab1 Be6 14. h3 c5 15. b3 h6 16. Bxf6 Qxf6 17. Qxf6 gxf6 18. Nb5 Be5 19. Nxa7 Ra8 20. Nc6 Bd6 21. a4 c4 22. Bf1 Bf5 23. Nd4 Bg6 24. bxc4 Rxa4 25. Bd3 dxc4 26. Bxg6 fxg6 27. Re6 Be5 28. Nc6 Ra1 29. Rxa1 Bxa1 30. Re4 c3 31. Kf1 Ra8 32. Ke2 Bb2 33. Kd3 Ra1 34. Nd4 Rd1+ 35. Kc4 1/2-1/2

[Event "CZE-chT2D 1516"]
[Site "Czech Republic"]
[Date "2016.04.03"]
[Round "10.2"]
[White "Hosek, Milan"]
[Black "Kacirek, Petr"]
[Result "1/2-1/2"]
[WhiteElo "2245"]
[BlackElo "2283"]
[PlyCount "36"]
[EventDate "2015.10.18"]
[EventType "team-tourn"]
[EventRounds "11"]
[EventCountry "CZE"]
[SourceTitle "EXT 2022"]
[Source "ChessBase"]
[SourceDate "2021.10.06"]
[SourceVersion "1"]
[SourceVersionDate "2021.10.06"]
[SourceQuality "1"]
[WhiteTeam "Polabiny III"]
[BlackTeam "Rychnov nad Kneznou"]
[WhiteTeamCountry "CZE"]
[BlackTeamCountry "CZE"]

1. d4 d5 2. Nf3 Nf6 3. c4 e6 4. Nc3 Nbd7 5. Bg5 Be7 6. e3 0-0 7. Rc1 b6 8. cxd5 exd5 9. Bd3 c5 10. 0-0 Bb7 11. b3 Ne4 12. Bxe7 Qxe7 13. dxc5 Ndxc5 14. Nd4 Nxd3 15. Qxd3 Rfd8 16. Nxe4 dxe4 17. Qc3 Rac8 18. Qb2 Rxc1 1/2-1/2

[Event "CZE-chT2D 1516"]
[Site "Czech Republic"]
[Date "2016.03.13"]
[Round "9.3"]
[White "Dolezel, Jaromir"]
[Black "Hosek, Milan"]
[Result "1/2-1/2"]
[WhiteElo "2043"]
[BlackElo "2245"]
[PlyCount "81"]
[EventDate "2015.10.18"]
[EventType "team-tourn"]
[EventRounds "11"]
[EventCountry "CZE"]
[SourceTitle "EXT 2022"]
[Source "ChessBase"]
[SourceDate "2021.10.06"]
[SourceVersion "1"]
[SourceVersionDate "2021.10.06"]
[SourceQuality "1"]
[WhiteTeam "Zabreh"]
[BlackTeam "Polabiny III"]
[WhiteTeamCountry "CZE"]
[BlackTeamCountry "CZE"]

1. e4 c6 2. d4 d5 3. e5 Bf5 4. Nf3 e6 5. Be2 Nd7 6. Nbd2 h6 7. Nb3 a6 8. a4 c5 9. dxc5 Nxc5 10. Nfd4 Nxb3 11. cxb3 Be4 12. 0-0 Ne7 13. Be3 Nf5 14. Nxf5 Bxf5 15. Rc1 Be7 16. Qd4 0-0 17. Rc3 Qd7 18. Rfc1 Rfc8 19. Qb6 Bd8 20. Qb4 Rxc3 21. Qxc3 Kf8 22. Bc5+ Kg8 23. Be3 Kf8 24. a5 Ke8 25. f4 Be4 26. Bb6 Bxb6+ 27. axb6 d4 28. Qb4 Bc6 29. Bf3 Bxf3 30. Rc7 Qd8 31. gxf3 Rc8 32. Qa4+ Kf8 33. Rxc8 Qxc8 34. Qxd4 Ke8 35. b4 Qc6 36. Kf2 Qc2+ 37. Kg3 Qg6+ 38. Kf2 Qc2+ 39. Kg3 Qg6+ 40. Kf2 Qc2+ 41. Kg3 1/2-1/2

[Event "CZE-chT2D 1516"]
[Site "Czech Republic"]
[Date "2016.02.07"]
[Round "7.3"]
[White "Fiedler, Bedrich"]
[Black "Hosek, Milan"]
[Result "1/2-1/2"]
[WhiteElo "2122"]
[BlackElo "2245"]
[PlyCount "23"]
[EventDate "2015.10.18"]
[EventType "team-tourn"]
[EventRounds "11"]
[EventCountry "CZE"]
[SourceTitle "EXT 2022"]
[Source "ChessBase"]
[SourceDate "2021.10.06"]
[SourceVersion "1"]
[SourceVersionDate "2021.10.06"]
[SourceQuality "1"]
[WhiteTeam "Lipa ZVU Engineering"]
[BlackTeam "Polabiny III"]
[WhiteTeamCountry "CZE"]
[BlackTeamCountry "CZE"]

1. d4 Nf6 2. c4 g6 3. Nc3 d5 4. cxd5 Nxd5 5. e4 Nxc3 6. bxc3 Bg7 7. Be3 0-0 8. Qd2 c5 9. Rc1 Qa5 10. Nf3 Nc6 11. d5 Rd8 12. c4 1/2-1/2

[Event "CZE-chT2D 1516"]
[Site "Czech Republic"]
[Date "2016.01.24"]
[Round "6.2"]
[White "Vanek, Ladislav"]
[Black "Hosek, Milan"]
[Result "1-0"]
[WhiteElo "2244"]
[BlackElo "2245"]
[PlyCount "81"]
[EventDate "2015.10.18"]
[EventType "team-tourn"]
[EventRounds "11"]
[EventCountry "CZE"]
[SourceTitle "EXT 2022"]
[Source "ChessBase"]
[SourceDate "2021.10.06"]
[SourceVersion "1"]
[SourceVersionDate "2021.10.06"]
[SourceQuality "1"]
[WhiteTeam "Litovel Tatran II"]
[BlackTeam "Polabiny III"]
[WhiteTeamCountry "CZE"]
[BlackTeamCountry "CZE"]

1. d4 Nf6 2. c4 e6 3. Nc3 Bb4 4. Qc2 0-0 5. a3 Bxc3+ 6. Qxc3 b6 7. Bg5 Bb7 8. f3 h6 9. Bh4 Na6 10. e3 d6 11. Qc2 c5 12. Ne2 Rc8 13. Nc3 Nc7 14. Qa4 cxd4 15. exd4 a6 16. Bd3 d5 17. c5 bxc5 18. dxc5 Qe7 19. b4 e5 20. 0-0 Qe6 21. Rae1 d4 22. Ne2 Qc6 23. Qxc6 Bxc6 24. f4 Ng4 25. Bf5 Ne3 26. Bxc8 Rxc8 27. fxe5 Nxf1 28. Nxd4 Bb5 29. Nxb5 Nxb5 30. Kxf1 Nxa3 31. Ra1 Nc2 32. Ra4 Rb8 33. Be1 Nxe1 34. Kxe1 Kf8 35. Kd2 a5 36. bxa5 Ra8 37. a6 Ra7 38. Kc3 Ke7 39. Kc4 Kd7 40. Kb5 Kc7 41. Rf4 1-0

[Event "CZE-chT2D 1516"]
[Site "Czech Republic"]
[Date "2016.01.10"]
[Round "5.3"]
[White "Kastner, Oldrich"]
[Black "Hosek, Milan"]
[Result "1/2-1/2"]
[WhiteElo "2061"]
[BlackElo "2245"]
[PlyCount "21"]
[EventDate "2015.10.18"]
[EventType "team-tourn"]
[EventRounds "11"]
[EventCountry "CZE"]
[SourceTitle "EXT 2022"]
[Source "ChessBase"]
[SourceDate "2021.10.06"]
[SourceVersion "1"]
[SourceVersionDate "2021.10.06"]
[SourceQuality "1"]
[WhiteTeam "Pardubice Rapid II"]
[BlackTeam "Polabiny III"]
[WhiteTeamCountry "CZE"]
[BlackTeamCountry "CZE"]

1. d4 Nf6 2. c4 g6 3. g3 Bg7 4. Bg2 d5 5. cxd5 Nxd5 6. Nf3 0-0 7. 0-0 Na6 8. e4 Nb6 9. Nc3 c5 10. d5 e6 11. Bg5 1/2-1/2

[Event "CZE-chT2D 1516"]
[Site "Czech Republic"]
[Date "2015.12.06"]
[Round "4.1"]
[White "Hosek, Milan"]
[Black "Jedlicka, Ales"]
[Result "1/2-1/2"]
[WhiteElo "2245"]
[BlackElo "2280"]
[PlyCount "28"]
[EventDate "2015.10.18"]
[EventType "team-tourn"]
[EventRounds "11"]
[EventCountry "CZE"]
[SourceTitle "EXT 2022"]
[Source "ChessBase"]
[SourceDate "2021.10.06"]
[SourceVersion "1"]
[SourceVersionDate "2021.10.06"]
[SourceQuality "1"]
[WhiteTeam "Polabiny III"]
[BlackTeam "Polabiny II"]
[WhiteTeamCountry "CZE"]
[BlackTeamCountry "CZE"]

1. e4 e5 2. Nf3 Nc6 3. d4 exd4 4. Nxd4 Bc5 5. Be3 Qf6 6. c3 Nge7 7. Qf3 Nxd4 8. Qxf6 Nc2+ 9. Kd2 Bxe3+ 10. Kxc2 gxf6 11. fxe3 Nc6 12. Nd2 d6 13. Be2 Rg8 14. g3 Ne5 1/2-1/2

[Event "CZE-chT2D 1415"]
[Site "Czech Republic"]
[Date "2015.03.29"]
[Round "10.1"]
[White "Smajzr, Martin"]
[Black "Hosek, Milan"]
[Result "1/2-1/2"]
[WhiteElo "2218"]
[BlackElo "2286"]
[PlyCount "35"]
[EventDate "2014.11.02"]
[EventType "team-tourn"]
[EventRounds "11"]
[EventCountry "CZE"]
[SourceTitle "EXT 2022"]
[Source "ChessBase"]
[SourceDate "2021.10.06"]
[SourceVersion "1"]
[SourceVersionDate "2021.10.06"]
[SourceQuality "1"]
[WhiteTeam "Usti nad Orlici"]
[BlackTeam "Polabiny II"]
[WhiteTeamCountry "CZE"]
[BlackTeamCountry "CZE"]

1. e4 e5 2. Nf3 Nf6 3. Nxe5 d6 4. Nf3 Nxe4 5. d4 d5 6. Bd3 Nc6 7. Bf4 Be7 8. c3 0-0 9. 0-0 Bf5 10. Qc2 Bg6 11. Nbd2 Nxd2 12. Qxd2 Bxd3 13. Qxd3 Bd6 14. Bxd6 Qxd6 15. Rae1 Rae8 16. Rxe8 Rxe8 17. Re1 Rxe1+ 18. Nxe1 1/2-1/2

[Event "CZE-chT2D 1415"]
[Site "Czech Republic"]
[Date "2015.02.22"]
[Round "8.2"]
[White "Hosek, Milan"]
[Black "Mozny, Milos"]
[Result "1/2-1/2"]
[WhiteElo "2286"]
[BlackElo "2318"]
[PlyCount "31"]
[EventDate "2014.11.02"]
[EventType "team-tourn"]
[EventRounds "11"]
[EventCountry "CZE"]
[SourceTitle "EXT 2022"]
[Source "ChessBase"]
[SourceDate "2021.10.06"]
[SourceVersion "1"]
[SourceVersionDate "2021.10.06"]
[SourceQuality "1"]
[WhiteTeam "Polabiny II"]
[BlackTeam "Hradec Kralove II"]
[WhiteTeamCountry "CZE"]
[BlackTeamCountry "CZE"]

1. d4 d5 2. c4 e5 3. dxe5 d4 4. Nf3 Nc6 5. g3 Nge7 6. Bg2 Ng6 7. Qb3 Be7 8. 0-0 0-0 9. Nbd2 a5 10. a3 a4 11. Qc2 Ngxe5 12. Nxe5 Nxe5 13. Nf3 Bf6 14. Nxe5 Bxe5 15. Rd1 Qe7 16. Qe4 1/2-1/2

[Event "CZE-chT2D 1314"]
[Site "Czech Republic"]
[Date "2014.01.05"]
[Round "5.2"]
[White "Komarek, David"]
[Black "Hosek, Milan"]
[Result "0-1"]
[WhiteElo "2148"]
[BlackElo "2292"]
[PlyCount "112"]
[EventDate "2013.11.03"]
[EventType "team-tourn"]
[EventRounds "11"]
[EventCountry "CZE"]
[SourceTitle "EXT 2016"]
[Source "ChessBase"]
[SourceDate "2015.10.08"]
[SourceVersion "1"]
[SourceVersionDate "2015.10.08"]
[SourceQuality "1"]
[WhiteTeam "Policka"]
[BlackTeam "Polabiny III"]
[WhiteTeamCountry "CZE"]
[BlackTeamCountry "CZE"]

1. d4 Nf6 2. c4 c6 3. Nc3 d5 4. cxd5 cxd5 5. Bf4 Nc6 6. e3 Qb6 7. a3 Bg4 8. Nf3 e6 9. Bd3 Nh5 10. Bg3 Be7 11. 0-0 Nxg3 12. hxg3 Rc8 13. Na4 Qc7 14. Rc1 Qb8 15. Rc3 Bd6 16. Qc2 h5 17. Nh2 Ke7 18. b4 g6 19. Nc5 Bf5 20. f4 a5 21. b5 Nb4 22. axb4 axb4 23. Rb3 b6 24. Bxf5 gxf5 25. Qd2 bxc5 26. dxc5 Bxc5 27. Nf3 Qxb5 28. Nd4 Bxd4 29. Qxd4 Qc4 30. Rxb4 Qxd4 31. exd4 Rc3 32. Rf3 Rhc8 33. Rb7+ Kf6 34. Rxc3 Rxc3 35. Kf2 Kg6 36. Ra7 Rc2+ 37. Kf3 Rc4 38. Ke3 Rc3+ 39. Kf2 Rd3 40. Ra4 Kh6 41. Rb4 Kg6 42. Ra4 h4 43. gxh4 Kh5 44. Ra8 Kxh4 45. Rg8 Rxd4 46. Ke3 Re4+ 47. Kf3 Kh5 48. Rg7 f6 49. Rd7 Kg6 50. g3 Rc4 51. Re7 Rc3+ 52. Ke2 Rc4 53. Kf2 Re4 54. Rd7 d4 55. Kg2 e5 56. Kf3 Re3+ 0-1

[Event "CZE-chT1E 1213"]
[Site "Czech Republic"]
[Date "2013.04.07"]
[Round "10.4"]
[White "Poloch, Petr"]
[Black "Hosek, Milan"]
[Result "1/2-1/2"]
[WhiteElo "2290"]
[BlackElo "2308"]
[PlyCount "30"]
[EventDate "2012.10.21"]
[EventType "team-tourn"]
[EventRounds "11"]
[EventCountry "CZE"]
[SourceTitle "EXT 2014"]
[Source "ChessBase"]
[SourceDate "2013.11.20"]
[SourceVersion "1"]
[SourceVersionDate "2013.11.20"]
[SourceQuality "1"]
[WhiteTeam "Karvina"]
[BlackTeam "Polabiny II"]
[WhiteTeamCountry "CZE"]
[BlackTeamCountry "CZE"]

1. c4 e6 2. Nf3 Nf6 3. Nc3 d5 4. e3 b6 5. cxd5 Nxd5 6. d4 Bb7 7. Bd3 Be7 8. 0-0 Nd7 9. e4 Nxc3 10. bxc3 0-0 11. Qe2 c5 12. Bf4 Nf6 13. h3 c4 14. Bc2 b5 15. Rfd1 Qa5 1/2-1/2

[Event "CZE-chT1E 1213"]
[Site "Czech Republic"]
[Date "2012.11.11"]
[Round "2.2"]
[White "Andreev, Eduard"]
[Black "Hosek, Milan"]
[Result "1-0"]
[WhiteElo "2499"]
[BlackElo "2308"]
[PlyCount "39"]
[EventDate "2012.10.21"]
[EventType "team-tourn"]
[EventRounds "11"]
[EventCountry "CZE"]
[SourceTitle "CBM 151 Extra"]
[Source "ChessBase"]
[SourceDate "2012.12.18"]
[SourceVersion "1"]
[SourceVersionDate "2012.12.18"]
[SourceQuality "1"]
[WhiteTeam "Orlova Slavia"]
[BlackTeam "Polabiny II"]
[WhiteTeamCountry "CZE"]
[BlackTeamCountry "CZE"]

1. e4 e5 2. Nf3 Nf6 3. d4 exd4 4. e5 Ne4 5. Qxd4 d5 6. exd6 Nxd6 7. Nc3 Nc6 8. Qa4 Bd7 9. Qf4 Be7 10. Bd2 0-0 11. 0-0-0 Nf5 12. Ne4 Nfd4 13. Bc3 Ne6 14. Qg3 f6 15. Bc4 Qc8 16. Nh4 Kh8 17. Qh3 f5 18. Ng6+ Kg8 19. Nxe7+ Nxe7 20. Ng5 1-0

[Event "CZE-chT 1112"]
[Site "Czech Republic"]
[Date "2012.04.22"]
[Round "11.6"]
[White "Bures, Jaroslav"]
[Black "Hosek, Milan"]
[Result "1/2-1/2"]
[WhiteElo "2415"]
[BlackElo "2289"]
[PlyCount "111"]
[EventDate "2011.10.08"]
[EventType "team-tourn"]
[EventRounds "11"]
[EventCountry "CZE"]
[SourceTitle "EXT 2013"]
[Source "ChessBase"]
[SourceDate "2012.11.22"]
[SourceVersion "1"]
[SourceVersionDate "2012.11.22"]
[SourceQuality "1"]
[WhiteTeam "Grygov"]
[BlackTeam "Polabiny"]
[WhiteTeamCountry "CZE"]
[BlackTeamCountry "CZE"]

1. e4 e5 2. Nf3 Nf6 3. Nxe5 d6 4. Nf3 Nxe4 5. Nc3 Nf6 6. d4 d5 7. Bg5 Be7 8. h3 c6 9. Bd3 0-0 10. 0-0 Nbd7 11. Re1 Re8 12. a3 Nf8 13. Ne2 Ne6 14. Bh4 Nh5 15. Bxe7 Qxe7 16. Qd2 Qd6 17. c3 g6 18. Qh6 Qf8 19. Qd2 f6 20. Nh4 f5 21. Nf3 Qf6 22. Ne5 Qg5 23. Qxg5 Nxg5 24. f3 Nf7 25. f4 Nd6 26. Kf2 Be6 27. Ke3 Nf6 28. Kd2 Rad8 29. b3 Kg7 30. a4 Rc8 31. b4 Nc4+ 32. Bxc4 dxc4 33. a5 Bd5 34. g4 Ne4+ 35. Ke3 Kf6 36. g5+ Kg7 37. Rg1 Re7 38. h4 Nd6 39. Ng3 Ree8 40. h5 a6 41. Ra2 Nb5 42. Rc1 Rcd8 43. Rh2 Rh8 44. Kd2 Nd6 45. Rg1 Nf7 46. Rh4 Nxe5 47. fxe5 Bf3 48. Ke3 Bg4 49. h6+ Kf7 50. Ra1 Ke6 51. Kf4 Rd7 52. Rh2 Rhd8 53. Rd2 Rd5 54. Nf1 Bh3 55. Ne3 Rxe5 56. Nxc4 1/2-1/2

[Event "CZE-chT1E 1112"]
[Site "Czech Republic"]
[Date "2012.04.01"]
[Round "11"]
[White "Havlik, Jan"]
[Black "Hosek, Milan"]
[Result "0-1"]
[WhiteElo "2343"]
[BlackElo "2289"]
[PlyCount "82"]
[EventDate "2011.10.02"]
[EventType "team-tourn"]
[EventRounds "11"]
[EventCountry "CZE"]
[SourceTitle "EXT 2013"]
[Source "ChessBase"]
[SourceDate "2012.11.22"]
[SourceVersion "1"]
[SourceVersionDate "2012.11.22"]
[SourceQuality "1"]
[WhiteTeam "Jihlava Gordic"]
[BlackTeam "Polabiny II"]
[WhiteTeamCountry "CZE"]
[BlackTeamCountry "CZE"]

1. e4 c6 2. d4 d5 3. e5 Bf5 4. h4 h5 5. c4 e6 6. Bg5 Qb6 7. Qd2 dxc4 8. Nc3 Ne7 9. Bxc4 Nd5 10. Nge2 Qb4 11. Bd3 Bxd3 12. Qxd3 Nd7 13. 0-0 N7b6 14. a3 Qc4 15. Qd2 f6 16. b3 Qxb3 17. Nxd5 Nxd5 18. Bf4 0-0-0 19. Rfb1 Qa4 20. Qb2 b6 21. Rc1 Kb7 22. Qa2 Be7 23. Rc4 Qa6 24. Bg3 Rc8 25. Nf4 Nxf4 26. Bxf4 Rhd8 27. exf6 Bxf6 28. Re1 Bxd4 29. Rxe6 Bf6 30. Be5 Rd1+ 31. Kh2 Re1 32. f4 Qb5 33. Rd4 Bxe5 34. Rd7+ Rc7 35. Rxc7+ Kxc7 36. fxe5 Rxe5 37. Rg6 Re7 38. Rg5 Qf1 39. Qd2 Qf6 40. Qc1 g6 41. a4 Re4 0-1

[Event "CZE-chT 1112"]
[Site "Czech Republic"]
[Date "2011.12.04"]
[Round "4.6"]
[White "Nedela, Vlastimil"]
[Black "Hosek, Milan"]
[Result "0-1"]
[WhiteElo "2322"]
[BlackElo "2289"]
[PlyCount "72"]
[EventDate "2011.10.08"]
[EventType "team-tourn"]
[EventRounds "11"]
[EventCountry "CZE"]
[SourceTitle "EXT 2013"]
[Source "ChessBase"]
[SourceDate "2012.11.22"]
[SourceVersion "1"]
[SourceVersionDate "2012.11.22"]
[SourceQuality "1"]
[WhiteTeam "Ostrava Poruba"]
[BlackTeam "Polabiny"]
[WhiteTeamCountry "CZE"]
[BlackTeamCountry "CZE"]

1. Nf3 Nf6 2. b3 e6 3. Bb2 Be7 4. g3 b6 5. Bg2 Bb7 6. d3 d5 7. 0-0 Nbd7 8. Nbd2 0-0 9. Re1 c5 10. c3 Qc7 11. e4 dxe4 12. dxe4 Ng4 13. Qc2 Rad8 14. Re2 Bf6 15. Ne1 Ba6 16. c4 Bxb2 17. Qxb2 Nge5 18. f4 Nc6 19. e5 Nd4 20. Rf2 Bb7 21. Ne4 f6 22. Qb1 fxe5 23. Ng5 g6 24. Nd3 Bxg2 25. Rxg2 h6 26. Ne4 Kh7 27. a4 Qc6 28. Ndf2 exf4 29. gxf4 Ne2+ 30. Kf1 Nxf4 31. Rg4 Ne5 32. Rh4 Nfd3 33. Ra2 Rd4 34. Re2 Rxe4 35. Rhxe4 Qxe4 36. Kg1 Qxe2 0-1

[Event "CZE-chT2D 1011"]
[Site "Czech Republic"]
[Date "2011.04.10"]
[Round "11"]
[White "Hosek, Milan"]
[Black "Bednar, Jaromir"]
[Result "1/2-1/2"]
[WhiteElo "2304"]
[BlackElo "2280"]
[PlyCount "43"]
[EventDate "2010.10.17"]
[EventType "team-tourn"]
[EventRounds "11"]
[EventCountry "CZE"]
[SourceTitle "EXT 2012"]
[Source "ChessBase"]
[SourceDate "2011.11.24"]
[SourceVersion "1"]
[SourceVersionDate "2011.11.24"]
[SourceQuality "1"]
[WhiteTeam "Polabiny II"]
[BlackTeam "Trebic Caissa"]
[WhiteTeamCountry "CZE"]
[BlackTeamCountry "CZE"]

1. e4 d5 2. exd5 Nf6 3. Nf3 Nxd5 4. d4 g6 5. c4 Nb6 6. Nc3 Bg7 7. Be3 0-0 8. Be2 Nc6 9. d5 Ne5 10. Nxe5 Bxe5 11. Bd4 Bxd4 12. Qxd4 e6 13. 0-0 exd5 14. cxd5 c6 15. d6 Be6 16. Bf3 Nd7 17. Ne4 Bd5 18. Rfe1 Re8 19. Nd2 Qb6 20. Qc3 Bxf3 21. Nxf3 Qc5 22. Qd2 1/2-1/2

[Event "CZE-chT2D 1011"]
[Site "Czech Republic"]
[Date "2011.01.23"]
[Round "6"]
[White "Hajek, Jiri"]
[Black "Hosek, Milan"]
[Result "1/2-1/2"]
[WhiteElo "2145"]
[BlackElo "2304"]
[PlyCount "32"]
[EventDate "2010.10.17"]
[EventType "team-tourn"]
[EventRounds "11"]
[EventCountry "CZE"]
[SourceTitle "EXT 2012"]
[Source "ChessBase"]
[SourceDate "2011.11.24"]
[SourceVersion "1"]
[SourceVersionDate "2011.11.24"]
[SourceQuality "1"]
[WhiteTeam "Zajecice"]
[BlackTeam "Polabiny II"]
[WhiteTeamCountry "CZE"]
[BlackTeamCountry "CZE"]

1. d4 Nf6 2. c4 g6 3. Nc3 d5 4. cxd5 Nxd5 5. e4 Nxc3 6. bxc3 Bg7 7. Nf3 c5 8. Rb1 0-0 9. Be2 Nc6 10. d5 Bxc3+ 11. Bd2 Bxd2+ 12. Qxd2 Na5 13. h4 f6 14. h5 g5 15. Nxg5 fxg5 16. Qxg5+ Kh8 1/2-1/2

[Event "Pardubice Czech op-B 21st"]
[Site "Pardubice"]
[Date "2010.07.31"]
[Round "9"]
[White "Hosek, Milan"]
[Black "Zakhartsov, Vladimir"]
[Result "1-0"]
[WhiteElo "2299"]
[BlackElo "2090"]
[PlyCount "59"]
[EventDate "2010.07.23"]
[EventType "swiss"]
[EventRounds "9"]
[EventCountry "CZE"]
[SourceTitle "CBM 137 Extra"]
[Source "ChessBase"]
[SourceDate "2010.09.01"]
[SourceVersion "1"]
[SourceVersionDate "2010.09.01"]
[SourceQuality "1"]

1. e4 c5 2. Nf3 Nc6 3. d4 cxd4 4. Nxd4 g6 5. Nc3 Bg7 6. Be3 Nf6 7. Bc4 0-0 8. Bb3 d6 9. h3 Bd7 10. 0-0 Na5 11. Qd3 a6 12. Rad1 b5 13. Nd5 Rc8 14. Bg5 Nxb3 15. axb3 Nxd5 16. exd5 Qb6 17. Bxe7 Rfe8 18. Rfe1 Qxd4 19. Qxd4 Bxd4 20. Rxd4 Rxc2 21. Rdd1 Rxb2 22. Bxd6 Rxb3 23. Rxe8+ Bxe8 24. Re1 Bd7 25. Re7 Bf5 26. g4 Bb1 27. g5 f6 28. gxf6 g5 29. Rg7+ Kh8 30. Rd7 1-0

[Event "Pardubice Czech op-B 21st"]
[Site "Pardubice"]
[Date "2010.07.30"]
[Round "8"]
[White "Ciornei, Dragos"]
[Black "Hosek, Milan"]
[Result "1/2-1/2"]
[WhiteElo "2174"]
[BlackElo "2299"]
[PlyCount "102"]
[EventDate "2010.07.23"]
[EventType "swiss"]
[EventRounds "9"]
[EventCountry "CZE"]
[SourceTitle "CBM 137 Extra"]
[Source "ChessBase"]
[SourceDate "2010.09.01"]
[SourceVersion "1"]
[SourceVersionDate "2010.09.01"]
[SourceQuality "1"]

1. e4 c6 2. d4 d5 3. Nc3 dxe4 4. Nxe4 Nd7 5. Ng5 Nb6 6. Bd3 g6 7. N1f3 Bg7 8. 0-0 Nh6 9. Re1 0-0 10. c3 Nf5 11. Qe2 Re8 12. Bc2 Nd5 13. Bd2 Nd6 14. h3 Bf5 15. Bxf5 gxf5 16. Ne5 f6 17. Ne6 Qc8 18. Nd3 Ne4 19. Nxg7 Kxg7 20. f3 Nd6 21. Qf2 Kh8 22. Qh4 b5 23. Re2 Nc4 24. Bh6 Qd7 25. Nc5 Qd6 26. Re6 Qc7 27. b3 Nd6 28. Rae1 f4 29. Bxf4 Nf5 30. Bxc7 Nxh4 31. Rxc6 Rg8 32. Re2 Nxc3 33. Rf2 Nd1 34. g4 Nxf2 35. Kxf2 Rac8 36. d5 Ng6 37. Ne6 Nf8 38. Nxf8 Rgxf8 39. d6 exd6 40. Bxd6 Rf7 41. Ra6 Rc2+ 42. Kg3 Kg7 43. b4 Rc3 44. Bc5 Rd7 45. h4 Kf7 46. h5 h6 47. Kf4 Rc4+ 48. Kg3 Rc3 49. Kf4 Rc4+ 50. Kg3 Rc3 51. Kf4 Rc4+ 1/2-1/2